| 000 | 003480000a22001450004500 | ||
|---|---|---|---|
| 060 | _a100 | ||
| 082 | _a582.046303 KRE | ||
| 100 | _aKremp, Gerhard O.W. | ||
| 245 | _aMorphologic Encyclopedia of Palynology | ||
| 260 | _aTueson, University of Arizona | ||
| 260 | _c1965 | ||
| 300 | _a263 | ||
| 650 | _aPalynology - Encyclopaedia | ||
| 942 | _cBK | ||
| 999 |
_c365990 _d365990 |
||